|
|
|
|
| LEADER |
00000nab a2200000 a 4500 |
| 001 |
vtls000747615 |
| 003 |
SK-MaSNL |
| 005 |
20260303210647.0 |
| 008 |
040806c2000 xo 0 slo |
| 015 |
|
|
|a SNBRB2001/02-02839
|
| 035 |
|
|
|a CLN000099445
|
| 040 |
|
|
|a SNKBUCL
|b slo
|c SNKBUCL
|e AACR2
|
| 041 |
0 |
|
|a slo
|
| 044 |
|
|
|a xo
|c SK
|
| 080 |
|
|
|a 72.01
|2 1981
|
| 080 |
|
|
|a 801.54
|2 1981
|
| 100 |
1 |
|
|a Bencová, Jarmila,
|d 1949-
|4 aut
|9 236020
|
| 245 |
1 |
0 |
|a Koniec koncov architektúra
|c Jarmila Bencová
|
| 246 |
1 |
1 |
|a Architecture after all
|
| 300 |
|
|
|b Fotogr., obr.
|
| 500 |
|
|
|a Súbežný názov a text angl.
|
| 504 |
|
|
|a Bibliogr. odkazy
|
| 650 |
0 |
7 |
|a baldachýn
|x architektúra
|x symbolika
|2 snkbucl
|9 1242679
|
| 773 |
0 |
|
|t Architektúra & urbanizmus
|g Roč. 34, č. 3-4 (2000), s. 167-175
|x 0044-8680
|
| 850 |
|
|
|a Slovenská národná knižnica v Martine
|
| 852 |
|
|
|a SNK
|b KIS3GCP
|
| 958 |
|
|
|a NB
|
| 999 |
|
|
|c 2201152
|d 2203082
|